000 00758nam a2200241 a 4500
999 _c947
_d947
008 191111t2008 ii ad||g |||| 00| 0 eng d
020 _a9788178298788
_cRs. 275.00
040 _aKO
_beng
041 0 _aeng
044 _aii
082 0 4 _223
_a658.40580954
_bAn14
100 1 _aAnandkumar, V.
245 1 0 _aBusiness Process Outsourcing :
_bOh ! BPO - structure and chaos, fun and agony /
_cV. Anandkumar and Subhasish Biswas
260 _aNew Delhi :
_bResponse Books ,
_c2008
300 _axxii, 218 p. :
_bill. ;
_c18 cm
650 0 _aOffshore outsourcing
_zIndia
650 0 _aData processing service centers
_zIndia
650 0 _aComputer service industry
_zIndia
700 _aBiswas, Subhasish
_eaut
904 _aA_BOSE
942 _cBK